000 00627nam a2200241Ia 4500
003 OSt
005 20221007062455.0
006 a|||||r|||| 00| 0
007 ta
008 221006b |||||||| |||| 00| 0 eng d
024 _a21,657
037 _cTextual
040 _aFLL
_cFLL
_beng
041 _2eng
_aeng
082 _aZ:801, L7.3
100 _aLal Nand
_9444817
245 0 _aCode of civil procedure act no. v of 1908
250 _a2nd
260 _aAllahabad
_bLaw Publishers India
_c1979
300 _axx,3072p
_ccm.
942 _hZ:801, L7.3
_cTEXL
_2CC
999 _c1128707
_d1128707